Получение стабильных изотопов свинца при химической переработке изотопно-обогащенного тетраметилсвинца: автореферат диссертации на соискание ученой степени кандидата технических наук; спец. 05.17.01

التفاصيل البيبلوغرافية
المؤلف الرئيسي: Индык Д. В. Денис Викторович
مؤلف مشترك: Национальный исследовательский Томский политехнический университет Инженерная школа ядерных технологий Отделение ядерно-топливного цикла
مؤلفون آخرون: Егоров Н. Б. Николай Борисович (научный руководитель)
الملخص:Заглавие с титульного экрана
Электронная версия печатной публикации
اللغة:الروسية
منشور في: Томск, 2018
الموضوعات:
الوصول للمادة أونلاين:http://earchive.tpu.ru/handle/11683/52864
التنسيق: الكتروني كتاب
KOHA link:https://koha.lib.tpu.ru/cgi-bin/koha/opac-detail.pl?biblionumber=341803

MARC

LEADER 00000nlm0a2200000 4500
001 341803
005 20231225111514.0
035 |a (RuTPU)RU\TPU\book\370068 
035 |a RU\TPU\book\370052 
090 |a 341803 
100 |a 20181024d2018 k y0rusy50 ca 
101 0 |a rus 
102 |a RU 
105 |a a dm 000zy 
135 |a drgn ---uucaa 
181 0 |a i  
182 0 |a b 
200 1 |a Получение стабильных изотопов свинца при химической переработке изотопно-обогащенного тетраметилсвинца  |e автореферат диссертации на соискание ученой степени кандидата технических наук  |e спец. 05.17.01  |f Д. В. Индык  |g Национальный исследовательский Томский политехнический университет ; науч. рук. Н. Б. Егоров 
203 |a Текст  |c электронный 
210 |a Томск  |d 2018 
215 |a 1 файл (999 KB) 
300 |a Заглавие с титульного экрана 
300 |a Электронная версия печатной публикации 
452 1 |0 (RuTPU)RU\TPU\book\371021  |t Получение стабильных изотопов свинца при химической переработке изотопно-обогащенного тетраметилсвинца  |o автореферат диссертации на соискание ученой степени кандидата технических наук  |o спец. 05.17.01  |f Д. В. Индык  |g Национальный исследовательский Томский политехнический университет (ТПУ) ; науч. рук. Н. Б. Егоров  |c Томск  |n [Б.и.]  |d 2018  |p 22 с.  |a Индык, Денис Викторович 
606 1 |a Изотопы  |x Производство  |2 stltpush  |3 (RuTPU)RU\TPU\subj\12357  |9 39154 
610 1 |a электронный ресурс 
610 1 |a авторефераты диссертаций 
610 1 |a труды учёных ТПУ 
610 1 |a стабильные изотопы 
610 1 |a свинец 
610 1 |a химическая переработка 
610 1 |a тетраметилсвинец 
610 1 |a неядерная продукция 
610 1 |a мишени 
610 1 |a синтез 
610 1 |a радионуклиды 
610 1 |a сверхтяжелые элементы 
610 1 |a теплоносители 
610 1 |a физико-химические свойства 
610 1 |a деалкилирование 
610 1 |a термодинамический расчет 
610 1 |a галогены 
610 1 |a физико-химический анализ 
610 1 |a количественный анализ 
610 1 |a спектрофотометрический анализ 
610 1 |a бром 
675 |a 621.039.8.002(04)  |v 4 
686 |a 05.17.01  |2 oksvnk 
700 1 |a Индык  |b Д. В.  |c химик-технолог  |c аспирант Томского политехнического университета  |f 1984-  |g Денис Викторович  |3 (RuTPU)RU\TPU\pers\30183 
702 1 |a Егоров  |b Н. Б.  |c химик-технолог  |c доцент Томского политехнического университета, кандидат химических наук  |f 1974-  |g Николай Борисович  |3 (RuTPU)RU\TPU\pers\27912  |4 727  |9 12915 
712 0 2 |a Национальный исследовательский Томский политехнический университет  |b Инженерная школа ядерных технологий  |b Отделение ядерно-топливного цикла  |3 (RuTPU)RU\TPU\col\23554 
801 2 |a RU  |b 63413507  |c 20190212  |g RCR 
856 4 |u http://earchive.tpu.ru/handle/11683/52864 
942 |c CF